Anteproyecto de adecuación bioclimática del Hotel Playa Hermosa Beach en San Juan del Sur, Rivas, Nicaragua

Presenta el acondicionamiento bioclimático del Hotel Playa Hermosa Beach utilizando herramientas bioclimáticas para mejorar el confort y lograr vinculación de los espacios interiores con los exteriores beneficiando al mismo tiempo el microclima del conjunto.

Bibliographic Details
Main Authors: García Traña, José Lleonarth, McLean Rodríguez, Guillermo Francisco
Other Authors: Tutor: Mayorga Navarro, Eduardo José
Format: Tesis Section = Libro
Language:Undetermined
Spanish
Published: Managua UNI 2013
Subjects:
LEADER 01129nam a2200253Ia 4500
008 240830s9999 xx 000 0 und d
040 |a BIBLIOTECA-RUSB/ T.Mon 720.47 G216 
041 |a spa 
082 |a T.Mon 720.47 G216 
100 1 |a García Traña, José Lleonarth 
100 1 |b  McLean Rodríguez, Guillermo Francisco 
245 1 0 |a Anteproyecto de adecuación bioclimática del Hotel Playa Hermosa Beach en San Juan del Sur, Rivas, Nicaragua 
260 |a Managua  |b UNI  |c 2013 
300 |a 92 p. :il. 
500 |a Contiene: anexos e Incluye: CD. 
502 |a Tesis (Arquitecto) - UNI, 2013. 
520 3 |a Presenta el acondicionamiento bioclimático del Hotel Playa Hermosa Beach utilizando herramientas bioclimáticas para mejorar el confort y lograr vinculación de los espacios interiores con los exteriores beneficiando al mismo tiempo el microclima del conjunto. 
650 7 |a ARQUITECTURA BIOCLIMATICA 
650 7 |b  DISEÑO ARQUITECTÓNICO - HOTELES 
650 7 |c  ARQUITECTURA - DISEÑOS Y PLANOS 
700 1 |a Tutor:  |b Mayorga Navarro, Eduardo José 
942 |c BK  |2 ddc 
991 |a TESIS 
999 |c 22040